000 00584nam a2200229Ia 4500
003 OSt
005 20220928111429.0
006 a|||||r|||| 00| 0
007 ta
008 220927b |||||||| |||| 00| 0 eng d
024 _a47277
037 _cTextual
040 _aSDCL
_cSDCL
_beng
041 _2eng
_aeng
082 _aO152,1N09,1, L5
100 _aPriydrshi
_9423626
245 0 _aKrishana Charit manas.
260 _aKanpur
_bPoor Nendu
_c1975
300 _a796p
_ccm.
942 _hO152,1N09,1, L5
_cTEXL
_2CC
999 _c740161
_d740161